Собрание сочинений. Т. 6: Путешествие на Восток (Запись № 11828067)

Подробности
000 -МАРКЕР
контрольное поле 01472nam2a2200277 4500
001 - ИДЕНТИФИКАТОР ЗАПИСИ
контрольное поле RU\NLR\BIBL_A\011465846
005 - ИДЕНТИФИКАТОР ВЕРСИИ
контрольное поле 20250626072421.0
010 ## - МЕЖДУНАРОДНЫЙ СТАНДАРТНЫЙ НОМЕР КНИГИ (ISBN)
Номер (ISBN) 978-5-4224-1320-1
Уточнения т.6
021 ## - НОМЕР ГОСУДАРСТВЕННОЙ РЕГИСТРАЦИИ
Код страны Российская Федерация
Номер 2017-58102
Номер Листа государственной регистраци 4127
035 ## - ДРУГИЕ СИСТЕМНЫЕ НОМЕРА
Идентификатор записи (NLR Aleph) 011465846
100 ## - ДАННЫЕ ОБЩЕЙ ОБРАБОТКИ
Данные общей обработки 20170905d2017 |||y0rusy50 ca
101 1# - ЯЗЫК РЕСУРСА
Язык текста, звукозаписи и т.д. русский
Язык оригинала французский
102 ## - СТРАНА ПУБЛИКАЦИИ ИЛИ ПРОИЗВОДСТВА
Страна публикации Российская Федерация
105 ## - ПОЛЕ КОДИРОВАННЫХ ДАННЫХ: ТЕКСТОВЫЕ МАТЕРИАЛЫ, МОНОГРАФИЧЕСКИЕ
Кодированные данные о монографическом текстовом документе c|||z|||001cy
200 1# - ЗАГЛАВИЕ И СВЕДЕНИЯ ОБ ОТВЕТСТВЕННОСТИ
Основное заглавие Путешествие на Восток
Сведения, относящиеся к заглавию [путевые очерки
Первые сведения об ответственности пер. М. Зониной, И. Кузнецовой]
210 ## - ПУБЛИКАЦИЯ, РАСПРОСТРАНЕНИЕ И ДР.
Дата издания, распространения и т.д. 2017
Место издания, распространения и т.д. Б. м.
215 ## - ФИЗИЧЕСКАЯ ХАРАКТЕРИСТИКА
Специфическое обозначение материала и объем 398, [1] с.
Другие сведения о физической характеристике портр.
320 ## - ПРИМЕЧАНИЯ О НАЛИЧИИ В ДОКУМЕНТЕ БИБЛИОГРАФИИ / УКАЗАТЕЛЯ
Текст примечания Алф. указ. произведений Т. Готье, влючен. в 1-6 т. Собрания сочинений: с. 397
327 1# - ПРИМЕЧАНИЯ О СОДЕРЖАНИИ
Текст примечания Содерж.: разделы: В Африке; Константинополь
461 #0 - УРОВЕНЬ НАБОРА
Встроенное поле 001RU\NLR\BIBL_A\011469796
-- 2001#$aСобрание сочинений$e[перевод с французского]$eв шести томах$fТеофиль Готье$vТ. 6
-- 700#1$aГотье$bТ.$gТеофиль$f1811-1872$3RU\NLR\AUTH\7725984
Системный номер (АБИС) связанной записи 11848731
Автор Готье, Т. (1811-1872)
Место публикации Москва
Дата публикации 2017
Первые сведения об ответственности Теофиль Готье
Имя издателя, распространителя и т.д. Терра
Сведения, относящиеся к заглавию [перевод с французского] : в шести томах
Заглавие Собрание сочинений
ISBN 9785422413140
Номер тома Т. 6
942 ## - ДОПОЛНИТЕЛЬНЫЕ ЭЛЕМЕНТЫ ЗАПИСИ (АБИС)
Тип экземпляра АБИС Книга
980 ## - КОЛЛЕКЦИЯ
Название коллекции Национальная библиография
Экземпляры
Тип экземпляра Дата поступления Источник поступления Стоимость Библиотека постоянного хранения Библиотека текущего хранения Место хранения Шифр хранения Штрих-код Статус экземпляра
Книга 05.09.2017 Обязательный экземпляр 0.00 РНБ (Московский) РНБ (Московский) Русский книжный фонд: издания с 1957 года 2017-3/24321 1-1975977  
Книга 05.09.2017 Обязательный экземпляр 0.00 РНБ (Московский) РНБ (Московский) Русский книжный фонд: издания с 1957 года 2017-3/24321 1-1975976